| 000 | 01146nam0a22002531i 4500 | ||
|---|---|---|---|
| 001 | rc\752422 | ||
| 005 | 20240921104021.0 | ||
| 035 | _a(NLR Aleph) 006280773 | ||
| 090 |
_a7047114 _c7047114 |
||
| 100 | _a20040301d1985 u |0rusy50 ca | ||
| 101 | 0 | _arus | |
| 102 | _aRU | ||
| 105 | _ay ||||||||| | ||
| 200 | 1 |
_aФормирование общепрофессиональных умений и навыков у учащихся средних профтехучилищ как основа подготовки рабочих широкого профиля _e(На прим. слесар. профессий) _eАвтореф. дис. на соиск. учен. степ. канд. пед. наук _e(13.00.02) |
|
| 210 |
_aКазань _d1985 |
||
| 215 | _a18 с. | ||
| 300 | _aВ надзаг.: АПН СССР, НИИ проф.-техн. педагогики | ||
| 320 | _aБиблиогр.: с. 17-18 (6 назв.) | ||
| 700 | 1 |
_aГалышева _bА. С. _gАлла Сергеевна _9143693 _3RU\NLR\AUTH\770143729 |
|
| 801 | 0 |
_aRU _bNLR _gpsbo |
|
| 801 | 1 |
_aRU _bELAR _2rusmarc |
|
| 852 |
_aNLR _j86-4/14588 |
||
| 942 | _cBOOK | ||